Naturaleza. Construcción. Objeto. Subjetividad. Paisaje. Contexto
Na minha lista:
| Autor principal: | |
|---|---|
| Formato: | Livro |
| Idioma: | espanhol inglês |
| Publicado em: |
s.l
Renato Bernasconi
2018
|
| Edição: | 1a. ed |
| Assuntos: | |
| Tags: |
Adicionar Tag
Sem tags, seja o primeiro a adicionar uma tag!
|
MARC
| LEADER | 00000cam a2200000 a 4500 | ||
|---|---|---|---|
| 001 | UCC8764 | ||
| 003 | CL-VaPUC | ||
| 005 | 20221102131314.0 | ||
| 008 | 190814e20180000cl |||||||||||||||||spa|d | ||
| 020 | |a 9789563982893 | ||
| 040 | |c Pontificia Universidad Católica de Valparaíso | ||
| 041 | 0 | 7 | |a spa |2 CL-VaPUC |
| 041 | 0 | 7 | |a eng |2 CL-VaPUC |
| 082 | 0 | 4 | |a 700 |b SAL |2 21 |
| 100 | 0 | |a Salineros F., Cristián |e author |9 603470 | |
| 245 | 1 | 0 | |a Naturaleza. Construcción. Objeto. Subjetividad. Paisaje. Contexto |
| 250 | |a 1a. ed | ||
| 260 | |a s.l |b Renato Bernasconi |c 2018 | ||
| 300 | |a 239 p | ||
| 583 | |a last modification |c 20190814 14:59:00 |k Rodrigo Vera | ||
| 650 | 0 | |a Arte contemporáneo |9 338008 | |
| 650 | 0 | |a Diseño experimental |9 259977 | |
| 942 | |c BK | ||
| 945 | |d 20190814 14:59:00 |a dcastane | ||
| 999 | |c 375015 |d 375013 | ||
| 952 | |0 0 |1 0 |3 erb |4 0 |6 700_000000000000000_SAL_2018 |7 0 |8 R |9 493857 |a BIBART |b BIBART |i 5557003 |l 1 |o 700 SAL 2018 |p 5557003 |r 2025-03-13 |s 2022-08-24 |w 2019-11-24 |y BK_R |z Catalogado en:20190814 |k ART | ||